00389nam a2200133Ia 4500008004100000041000800041082001400049100003000063245007800093250000800171260004700179300000700226650002200233230711s9999||||xx |||||||||||||| ||und|| aENG a624bBU-I aBureau of Indian Standard 0aIS : 2720 Pt 16bMethod of test for soil Pt 16 : Lab determination of CBR a2nd c1988aNew DelhibBureau of Indian Standard a15 aCivil Engineering